| 000 | 00358nam a2200145Ia 4500 | ||
|---|---|---|---|
| 008 | 150201s1998 xx 000 0 und d | ||
| 082 |
_a617.6 _bD1998S |
||
| 100 | _aSTEGEMAN | ||
| 245 | _aTHE DENTAL HYGIENISTS GUIDE TO NUTRITIONAL CARE | ||
| 250 | _a2ND | ||
| 260 |
_bELSEVIER _aDELHI _c1998 |
||
| 300 | _a1-540 | ||
| 650 | _aPERIODONTICS | ||
| 942 |
_2ddc _cBK |
||
| 999 |
_c4423 _d4423 |
||